000 00849cam a2200193 i 4500
005 20251201130942.0
008 250721s2012 le gr 000 0 ara d
082 1 4 _a216.4
_bم ا ل
100 1 _aالمالكي، ابو عبد الله محمد بن احمد بن محمد عليش
_eمؤلف.
245 1 0 _aتدريب المبتدي وتذكرة المنتهي في علم الفرائض /
_cلشيخ المالكية في جامع الأزهر الشيخ محمد عليش المالكي ؛ تحقيق الشيخ محمد بكري.
264 3 1 _aبيروت :
_bشركة دار المشاريع،
_c2012.
300 _a120صفحة.
650 1 7 _aالاسلام.
650 1 7 _aالفقه الاسلامي.
650 1 7 _aالمواريث.
700 1 _aبكري، محمد
_eمحقق.
942 _2ddc
_cBK
999 _c131294
_d131294